|
|
|
|
| LEADER |
02025nam a22003973i 4500 |
| 001 |
EBC7015478 |
| 003 |
MiAaPQ |
| 005 |
20231204023226.0 |
| 006 |
m o d | |
| 007 |
cr cnu|||||||| |
| 008 |
231204s2022 xx o ||||0 eng d |
| 020 |
|
|
|a 9783110751963
|q (electronic bk.)
|
| 035 |
|
|
|a (MiAaPQ)EBC7015478
|
| 035 |
|
|
|a (Au-PeEL)EBL7015478
|
| 035 |
|
|
|a (OCoLC)1322125743
|
| 040 |
|
|
|a MiAaPQ
|b eng
|e rda
|e pn
|c MiAaPQ
|d MiAaPQ
|
| 082 |
0 |
|
|a 883.0109
|
| 100 |
1 |
|
|a Ercolani, Andrea.
|
| 245 |
1 |
0 |
|a Rethinking Orality II :
|b The Mechanisms of the Oral Communication System in the Case of the Archaic Epos.
|
| 250 |
|
|
|a 1st ed.
|
| 264 |
|
1 |
|a Berlin/Boston :
|b Walter de Gruyter GmbH,
|c 2022.
|
| 264 |
|
4 |
|c Ã2022.
|
| 300 |
|
|
|a 1 online resource (228 pages)
|
| 336 |
|
|
|a text
|b txt
|2 rdacontent
|
| 337 |
|
|
|a computer
|b c
|2 rdamedia
|
| 338 |
|
|
|a online resource
|b cr
|2 rdacarrier
|
| 490 |
1 |
|
|a Transcodification: Arts, Languages and Media Series ;
|v v.2
|
| 520 |
|
|
|a The series explores the complexity and the interconnections of arts and languages by merging, comparing and contrasting themes from different sources, methodologies or fields of studies. Its main results derive from the "Arts, Languages, and Media: Translation and Transcodification" project but it is also open to monographs and edited volumes arisen from different contexts and projects.
|
| 588 |
|
|
|a Description based on publisher supplied metadata and other sources.
|
| 590 |
|
|
|a Electronic reproduction. Ann Arbor, Michigan : ProQuest Ebook Central, 2023. Available via World Wide Web. Access may be limited to ProQuest Ebook Central affiliated libraries.
|
| 655 |
|
4 |
|a Electronic books.
|
| 700 |
1 |
|
|a Lulli, Laura.
|
| 776 |
0 |
8 |
|i Print version:
|a Ercolani, Andrea
|t Rethinking Orality II
|d Berlin/Boston : Walter de Gruyter GmbH,c2022
|
| 797 |
2 |
|
|a ProQuest (Firm)
|
| 830 |
|
0 |
|a Transcodification: Arts, Languages and Media Series
|
| 856 |
4 |
0 |
|u https://ebookcentral.proquest.com/lib/matrademy/detail.action?docID=7015478
|z Click to View
|